000 00337pab a2200145 454500
008 180718b1985 xxu||||| |||| 00| 0 eng d
100 _aGovindaiah, T.
245 _aIrrigation, income and consumption pattern
260 _c1985
300 _a26-8
362 _aNov.
650 _aIrrigation
773 _aKurukshetra
909 _a11361
999 _c11361
_d11361